Na jarnom slniečku

Bibliographic Details
Main Author: Pavlovič, Jozef, 1934-2020 (Author)
Other Authors: Skála, František, 1923-2011 (Illustrator)
Format: Book
Language:Slovak
PhysicalDescription:[12] s. ilustrácie 14x21 cm
Published: Bratislava Mladé letá 1961
Subjects:

MARC

LEADER 00000cam a2200000 a 4500
001 vtls008328725
003 SK-MaSNL
005 20260302003731.0
008 230116s1961 xo a 000 0 slo
015 |a SNBA1962/03-00532 
035 |a SK01SNK19620020942 
035 |a urn:nbn:sk:snk-am3ho6n 
035 |a 734FE6B8-32AB-485C-8CB6-4EB076F333CA 
035 |a urn:nbn:sk:snk-am00cvij 
035 |a SKM000023405 
040 |a SNK  |b slo  |c SNK  |e AACR2 
041 0 |a slo 
044 |a xo  |c SK 
080 |a 087.5  |2 1981 
100 1 |a Pavlovič, Jozef,  |d 1934-2020  |4 aut  |9 200363 
245 1 0 |a Na jarnom slniečku  |c Jozef Pavlovič ; ilustroval František Skála 
260 |a Bratislava  |b Mladé letá  |c 1961  |e Bratislava  |f Polygrafické závody 01 
300 |a [12] s.  |b ilustrácie  |c 14x21 cm 
366 |e 30000 výt. 
521 |a Pre čitateľov do 6 rokov 
655 7 |a leporelá  |2 SNKPH  |9 60414 
655 7 |a publikácie pre deti  |2 SNKPH  |9 70148 
700 1 |a Skála, František,  |d 1923-2011  |4 ill  |9 307476 
852 |a Slovenská národná knižnica v Martine  |b 10000  |h SE 3266 
954 |a ilustrované knihy, leporelá, komiksy pôvodné (slovenské)  |2 lita 
958 |a OND 
958 |a TL 
958 |a RK 
958 |a DB 
958 |a EUIPO 
999 |c 993121  |d 995051 
952 |a SNK  |b SNK  |y PREZ  |7 0  |p 17A0721589  |o snkSE 3266  |i snkKSP 891/62  |0 0  |1 0  |4 0  |d 2018-03-19  |f 1  |l 0  |r 2026-02-24 11:55:23  |w 2026-02-24 
952 |a SNK  |b SNK  |y VYP  |7 0  |p 17A1190264  |o snkSE 3266 D1  |i snkKSP 892/62  |0 0  |1 0  |4 0  |d 2018-06-19  |l 0  |r 2026-02-24 11:55:23  |w 2026-02-24